00298nam a2200121Ia 4500008004100000041000800041082001700049100001500066245003700081260002700118365001600145700001500161230718s9999 xx 000 0 und d aeng a621.388bDHA aDhake A.M. aTelevision And Video Engineering bTata Mc-graw Hill Pub. cRs.b295.00 aDhake A.M.